Personnages célèbres - Série 69 - Statistiques

Statistiques générales
  • Ce quiz a été pris 118 fois
  • Le résultat moyen est 7 sur 15
Statistiques - réponses
Par images Hint Réponse % Correct
Agatha - romancière Christie
98%
Laeticia Hallyday
81%
Serena - tennis Wiiliams
74%
Basile - football Boli
73%
Ryan - acteur Gosling
72%
Vincent - rugby Moscato
59%
Surya - patinage Bonaly
56%
Martina - tennis Navratilova
49%
Martina - tennis Hingis
47%
Jacqueline - actrice Bisset
31%
Christine - natation Caron
31%
François - réalisateur Ozon
30%
Damien - réalisateur Chazelle
15%
Robert - politique (1886-1963) Schuman
14%
Claire - actrice Foy
7%
Aucun quiz correspondant
Distribution des résultats
% des personnes avec chaque résultat
Percentile par nombre de réponses
Votre historique - résultats
Vous n’avez pas pris ce quiz